000
00293nam a2200121Ia 4500
008
190216s9999||||xx |||||||||||||| ||und||
100
_a
Anantharaman R
245
0
_a
Fundamentals Of Quantum Chemistry
260
_b
Macmillan
_c
2001
300
_a
812
650
_a
Quantum Chemistry
942
_c
BK
999
_c
3195
_d
3195